000 00581nam a2200217Ia 4500
001 dia_6609
003 CHAP
008 220117s2013 xx 000 0 und d
010 _a177912
040 _cCHAP
090 _aF 38 2013
100 _aMonzón Armenta, José Melquiades
_978028
245 _aManejo reproductivo en ganado bovino /
_c José Melquiades Monzón Armenta
260 _aMéxico :
_b UACh,
_c2013
901 _aF 38 2013
902 _aM
905 _a0000002013 MX 0000000000SPA00
942 _c12
942 _c12
999 _c177912
_d177912